| 000 | 00755nam 22002413 4500 | ||
|---|---|---|---|
| 001 | 202149 | ||
| 010 | _a978-989-23-5169-8 | ||
| 021 |
_aPT _b485079/21 |
||
| 090 | _a202149 | ||
| 100 | _a20260513d u||y0pory50 ba | ||
| 200 |
_aHistórias de um Leque Mágico _fRosário Alçada Araújo _gilustrações de Carla Nazareth |
||
| 205 | _a3ª | ||
| 210 |
_aAlfragide _cEdições ASA _d2021 |
||
| 215 |
_a35, [3] p. _cencadernado _d25 cm |
||
| 225 | _aVira a página | ||
| 300 | _aLER+ - Plano Nacional de Leitura | ||
| 606 |
_922 _aLiteratura Infantil Portuguesa |
||
| 675 |
_a821.134.3-93 _vPT _zpor |
||
| 700 |
_91061 _aAraújo _bRosário Alçada _f1973- |
||
| 702 |
_91289 _aNazareth _bCarla _f1975- |
||
| 801 |
_aPT _bBMMN _gRPC |
||
| 830 | _cAna Caetano | ||
| 990 | _cLIVROS | ||